| 000 | 00910cab a2200193 4500 | ||
|---|---|---|---|
| 001 | L129943 | ||
| 008 | 050607n2005 000 0 eng u | ||
| 035 | _a(Sirsi) u129943 | ||
| 041 | _aeng | ||
| 100 | _aBurr, Andrew | ||
| 245 | 4 | _aThe consideration of critical path analysis in English Law | |
| 260 | _c2005 | ||
| 490 |
_aConstruction Law Journal _v21(3) [2005], 222-241(20) |
||
| 520 | _aDebates the use of critical path analysis techniques in proof of delay claims and the extent to which the common law provides helpful guidance on the connection between cause and effect in construction delay claims. The development of critical path analysis has arisen partially from the need of courts to adapt to the new techniques made more accessible by computer. | ||
| 590 | _aIKA070605 | ||
| 690 | _aMANAGEMENT-DISPUTE AVOIDANCE, MANAGEMENT AND RESOLUTION | ||
| 700 | _aPalles-Clark, Robert | ||
| 942 | _n0 | ||
| 999 |
_c75360 _d75360 |
||